Activity based costing

Príspevok vymedzuje základné pojmy spojené s Activity Based Costing a jeho úlohou v manažérskom účtovníctve. Práca sa zaoberá základnými pojmami, charakteristikou ABC a jej porovnaním s tradičnými systémami nákladovej alokácie. Následne je popísaný proces zavádzania ABC do podnikového života a probl...

Descrizione completa

Salvato in:
Dettagli Bibliografici
Autore principale: Budayová, Jana
Natura: Capitolo di libro
Lingua:slovacco
Soggetti:
Tags: Aggiungi Tag
Nessun Tag, puoi essere il primo ad aggiungerne!!

MARC

LEADER 00000nla a2200000 4500
001 0180102
005 20240610091651.2
041 0 |a slo 
044 |a SK 
245 1 0 |a Activity based costing  |c Jana Budayová 
520 |a Príspevok vymedzuje základné pojmy spojené s Activity Based Costing a jeho úlohou v manažérskom účtovníctve. Práca sa zaoberá základnými pojmami, charakteristikou ABC a jej porovnaním s tradičnými systémami nákladovej alokácie. Následne je popísaný proces zavádzania ABC do podnikového života a problémy spojené s implementáciou. 
610 2 0 |a podnik 
610 2 0 |a alokácia nákladov 
610 2 0 |a účtovníctvo manažérske 
610 2 0 |a metóda ABC 
100 1 |a Budayová, Jana